Music Quiz

Random Music Quiz

The Telephone Song Game! Quiz Stats

 Plays Quiz not verified by Sporcle

Challenge
Share
Tweet
Embed
Score 0/12 Timer 20:00
0 Plays Today
⁣⁣⁣ ⁣⁣⁣ % Correct

1 1 9 9 # # 9 6 6 3 3 2 2 1
9 9 6 6 3 3 2 9 9 6 6 3 3 2
1 1 9 9 # # 9 6 6 3 3 2 2 1

Twinkle, Twinkle, Little Star
70.6%

1 1 2
1 6 3
1 1 2
1 9 6
1 1 0
8 5 2 1
0 0 8
1 2 1

Happy Birthday
52.9%

1 2 3 1 1 2 3 1
3 6 9 3 6 9
9 * 9 6 3 1
9 * 9 6 3 1
1 1 1 1 1 1

Frere Jacques
29.4%

1 1 1 6 6 9 9 9 6 6

Louie Louie
17.6%

1 5 3 3 3
3 5 3 1 1
1 5 3 6 #
# 9 6 3
1 5 3 6 #
# 9 6 3 1
1 5 3 3 5 5 3 1
You Are My Sunshine
17.6%

4 8 8 4 8
4 8 6 8 4

Strangers In the Night
11.8%

1 3 3 3
1 9 6 6

Here Comes the Bride
8.8%

1 1 3 3 6 9 6 6 3
2 6 6 3 2 1 1 1 1 3 3 6
9 3 3 3 6 6 1 1 3

The Muffin Man
5.9%

9 6 3 1 2 3 2 1 9 6
3 1 2 3 2 1 3 3 6 6

We Three Kings of Orient Are
5.9%

4 2 6 2
6 2 2 6

Mr. Sandman
5.9%

3 9 9 1 2 3 1
2 2 2 2 3 2 1 1 2 3 1 2
3 9 9 1 2 3 1
2 2 2 2 3 2 1 1 2 3 2 1

Olympic Fanfare
5.9%

6 6 5 4 6 6
4 4 4 4 5 5 5 5 6
4 4 5 5 6 4
4 4 44 5 5 1

The Monkees Theme Song
2.9%

You're not logged in!

Compare scores with friends on all Sporcle quizzes.
Join for Free
OR
Log In

You Might Also Like...

Show Comments

Extras

Top Quizzes Today


Score Distribution

Your Account Isn't Verified!

In order to create a playlist on Sporcle, you need to verify the email address you used during registration. Go to your Sporcle Settings to finish the process.

Report this User

Report this user for behavior that violates our Community Guidelines.

Details: